[Event "Australian op"]
[Site "Brisbane"]
[Date "2017.01.03"]
[Round "2"]
[White "Haydn, Gavin"]
[Black "Selnes, Hamish"]
[Result "0-1"]
[WhiteElo "1702"]
[BlackElo "1868"]
[PlyCount "102"]
[EventDate "2017.01.02"]
[EventType "swiss"]
[EventRounds "11"]
[EventCountry "AUS"]
[SourceTitle "CBM 176 Extra"]
[Source "ChessBase"]
[SourceDate "2017.03.02"]
[SourceVersion "1"]
[SourceVersionDate "2017.03.02"]
[SourceQuality "1"]

1. d4 g6 2. c4 Bg7 3. Nc3 d6 4. h3 Nc6 5. Nf3 e5 6. d5 Nce7 7. e4 f5 8. Bd3 Nf6 9. Qc2 0-0 10. 0-0 f4 11. b4 h6 12. c5 g5 13. cxd6 cxd6 14. Nb5 Ne8 15. Bb2 a6 16. Nc3 Ng6 17. Kh2 h5 18. Ng1 g4 19. f3 Qh4 20. Nce2 Nf6 21. Bc3 Nh7 22. a4 g3+ 23. Nxg3 fxg3+ 24. Kh1 Nf4 25. Be1 Ng5 26. Rf2 Bxh3 27. gxh3 Ngxh3 28. Rh2 Rac8 29. Qd2 Nf2+ 30. Qxf2 gxf2 31. Rxh4 fxe1Q 32. Rxe1 Nxd3 33. Rb1 Nf4 34. Rh2 Rc3 35. b5 a5 36. Ra2 b6 37. Kh2 Rfc8 38. Kg3 Rc2 39. Rbb2 Rxb2 40. Rxb2 Rc4 41. Ra2 Kf7 42. Nh3 Nxh3 43. Kxh3 Bf6 44. Ra3 Kg6 45. Kg3 Kg5 46. Ra2 h4+ 47. Kg2 Kf4 48. Ra3 Rc2+ 49. Kh3 Rf2 50. Ra2 Rxf3+ 51. Kg2 Kxe4 0-1

[Event "Sydney op"]
[Site "Parramatta"]
[Date "2012.04.11"]
[Round "2"]
[White "Guo, Emma"]
[Black "Selnes, Hamish"]
[Result "1/2-1/2"]
[WhiteElo "2019"]
[BlackElo "1912"]
[PlyCount "99"]
[EventDate "2012.04.11"]
[EventType "swiss"]
[EventRounds "9"]
[EventCountry "AUS"]
[SourceTitle "CBM 148 Extra"]
[Source "ChessBase"]
[SourceDate "2012.06.22"]
[SourceVersion "1"]
[SourceVersionDate "2012.06.22"]
[SourceQuality "1"]

1. d4 d5 2. Nf3 Nf6 3. Bf4 g6 4. e3 Bg7 5. Bd3 0-0 6. h3 c5 7. c3 b6 8. 0-0 Ba6 9. Bxa6 Nxa6 10. Nbd2 Nb8 11. Ne5 Nfd7 12. Ndf3 Nxe5 13. Bxe5 Bxe5 14. Nxe5 f6 15. Nd3 Qd6 16. f4 f5 17. Ne5 Nd7 18. Qf3 e6 19. Rad1 c4 20. g3 b5 21. h4 Nf6 22. g4 Nxg4 23. Nxg4 fxg4 24. Qxg4 Rf5 25. Kh1 Qe7 26. Rg1 Kh8 27. Qh3 a5 28. Rg5 Raf8 29. Rdg1 Rxg5 30. hxg5 Qf7 31. Kg2 Qf5 32. Rh1 Qxh3+ 33. Kxh3 Rb8 34. e4 b4 35. exd5 exd5 36. Re1 bxc3 37. bxc3 Rb2 38. Re5 Rxa2 39. Rxd5 Ra3 40. Kg2 Rxc3 41. Rxa5 Rd3 42. d5 c3 43. Rc5 c2 44. Rxc2 Rxd5 45. Kf3 Rd4 46. Rc7 Ra4 47. Re7 Kg8 48. Re4 Rxe4 49. Kxe4 h5 50. gxh6 1/2-1/2

[Event "Doeberl Cup Premier 50th"]
[Site "Canberra"]
[Date "2012.04.07"]
[Round "6"]
[White "Selnes, Hamish"]
[Black "Champion, Patrick"]
[Result "1/2-1/2"]
[WhiteElo "1912"]
[BlackElo "1962"]
[PlyCount "97"]
[EventDate "2012.04.05"]
[EventType "swiss"]
[EventRounds "9"]
[EventCountry "AUS"]
[SourceTitle "EXT 2023"]
[Source "ChessBase"]
[SourceDate "2022.10.05"]
[SourceVersion "1"]
[SourceVersionDate "2022.10.05"]
[SourceQuality "1"]

1. d4 Nf6 2. c4 c5 3. d5 e6 4. Nc3 exd5 5. cxd5 d6 6. e4 g6 7. Nf3 Bg7 8. Be2 0-0 9. 0-0 Re8 10. Nd2 a6 11. a4 Nbd7 12. Qc2 Qe7 13. f3 Nh5 14. Nc4 Bd4+ 15. Be3 Nf4 16. Qd2 Bxe3+ 17. Qxe3 Nxe2+ 18. Qxe2 Rb8 19. a5 Ne5 20. Nxe5 Qxe5 21. Qd2 b6 22. axb6 Rxb6 23. Rfb1 Bd7 24. Na4 Bxa4 25. Rxa4 Reb8 26. b4 f5 27. Qd3 fxe4 28. fxe4 cxb4 29. Rb3 Rc8 30. Qe3 Rc3 31. Rxc3 Qxc3 32. Qxc3 bxc3 33. Rc4 Rb1+ 34. Kf2 Rb2+ 35. Ke3 Rxg2 36. Rxc3 Rxh2 37. Rc6 g5 38. Rxd6 Rh3+ 39. Kf2 Ra3 40. Rd7 g4 41. e5 Rf3+ 42. Kg2 h5 43. Rd6 Re3 44. e6 h4 45. Rxa6 h3+ 46. Kh2 Re2+ 47. Kg3 h2 48. Ra1 Rd2 49. Rh1 1/2-1/2

[Event "AUS-ch Major"]
[Site "Cammeray"]
[Date "2011.01.10"]
[Round "8"]
[White "Smirnov, Anton"]
[Black "Selnes, Hamish"]
[Result "0-1"]
[WhiteElo "2002"]
[BlackElo "1895"]
[PlyCount "106"]
[EventDate "2011.01.02"]
[EventType "swiss"]
[EventRounds "11"]
[EventCountry "AUS"]
[SourceTitle "CBM 140 Extra"]
[Source "ChessBase"]
[SourceDate "2011.03.01"]
[SourceVersion "1"]
[SourceVersionDate "2011.03.01"]
[SourceQuality "1"]

1. e4 c6 2. d4 d5 3. exd5 cxd5 4. c4 Nf6 5. Nc3 e6 6. Nf3 Bb4 7. Be2 0-0 8. 0-0 dxc4 9. Bg5 Nbd7 10. Bxc4 b6 11. d5 Qc7 12. Rc1 Qxc4 13. Bxf6 Nxf6 14. Qa4 Bd7 15. Qd1 Bxc3 16. Rxc3 Qxd5 17. Rd3 Qb7 18. Qb3 Bc6 19. Re1 Bxf3 20. Rxf3 Qd5 21. Qe3 Rfd8 22. h3 Qd2 23. Qxd2 Rxd2 24. Rb3 Rc8 25. Ra3 a5 26. Rb3 Nd5 27. Rb5 h6 28. Rb3 Rcc2 29. Rf3 Rxb2 30. a3 b5 31. Ra1 Rdc2 32. Rg3 Rxf2 33. Kh1 Nf4 34. a4 b4 35. h4 Rxg2 36. Rxg2 Nxg2 37. h5 Nf4 38. Rg1 Nxh5 39. Rd1 Ra2 40. Rd8+ Kh7 41. Rb8 Rxa4 42. Kh2 Ra3 43. Rb7 Kg6 44. Kh1 b3 45. Kh2 Ra2+ 46. Kh3 b2 47. Rb6 a4 48. Kh4 a3 49. Rb4 Nf6 50. Rb3 Ra1 51. Rxa3 Rh1+ 52. Kg3 b1Q 53. Rf3 Qg1+ 0-1

[Event "AUS-ch Major"]
[Site "Cammeray"]
[Date "2011.01.02"]
[Round "1"]
[White "Selnes, Hamish"]
[Black "Xie, George Wendi"]
[Result "0-1"]
[WhiteElo "1895"]
[BlackElo "2478"]
[PlyCount "74"]
[EventDate "2011.01.02"]
[EventType "swiss"]
[EventRounds "11"]
[EventCountry "AUS"]
[SourceTitle "CBM 140 Extra"]
[Source "ChessBase"]
[SourceDate "2011.03.01"]
[SourceVersion "1"]
[SourceVersionDate "2011.03.01"]
[SourceQuality "1"]

1. e4 e6 2. Nf3 d5 3. Nc3 d4 4. Ne2 c5 5. d3 Nc6 6. g3 Bd6 7. Bg2 Nge7 8. 0-0 0-0 9. Nd2 Bc7 10. f4 f5 11. Kh1 b6 12. Ng1 Bb7 13. Ngf3 h6 14. Nh4 Qe8 15. Re1 Qf7 16. Bf3 g5 17. Ng2 g4 18. Be2 Ng6 19. a4 h5 20. Nc4 Rad8 21. Bd2 Qh7 22. Rg1 Nce7 23. Be1 fxe4 24. dxe4 Bxe4 25. Bd3 Bd5 26. Rf1 Nf5 27. Kg1 Rd7 28. Qe2 Rg7 29. Be4 Kh8 30. Qd3 Qh6 31. c3 Bd8 32. Ne5 Bf6 33. Nxg6+ Qxg6 34. cxd4 Bxd4+ 35. Bf2 Bxe4 36. Qxe4 Nxg3 37. Qe1 Nxf1 0-1

[Event "Surfers Paradise op"]
[Site "Gold Coast"]
[Date "2010.12.26"]
[Round "2"]
[White "Selnes, Hamish"]
[Black "Xie, George Wendi"]
[Result "0-1"]
[WhiteElo "1895"]
[BlackElo "2478"]
[PlyCount "108"]
[EventDate "2010.12.26"]
[EventType "swiss"]
[EventRounds "9"]
[EventCountry "AUS"]
[SourceTitle "CBM 140 Extra"]
[Source "ChessBase"]
[SourceDate "2011.03.01"]
[SourceVersion "1"]
[SourceVersionDate "2011.03.01"]
[SourceQuality "1"]

1. e4 c5 2. Nf3 Nc6 3. d4 cxd4 4. Nxd4 Nf6 5. Nc3 e6 6. Ndb5 d6 7. Bf4 e5 8. Bg5 a6 9. Na3 b5 10. Bxf6 gxf6 11. Nd5 Bg7 12. Bd3 Ne7 13. Nxe7 Qxe7 14. 0-0 0-0 15. c3 f5 16. exf5 e4 17. Be2 Bxf5 18. Nc2 Be6 19. a4 Bb3 20. axb5 axb5 21. Qd2 Bxc2 22. Qxc2 b4 23. f3 bxc3 24. bxc3 d5 25. fxe4 dxe4 26. Kh1 Rac8 27. Ra4 f5 28. Qa2+ Kh8 29. Ra5 f4 30. Ra7 Qg5 31. Qb1 Rce8 32. Qb7 Re6 33. Rd1 f3 34. Bf1 Rg6 35. Qxe4 Qh5 36. Rdd7 Qg5 37. g3 Qc1 38. Kg1 Qxc3 39. Ra8 Qc5+ 40. Kh1 Rb6 41. Rxf8+ Qxf8 42. Bd3 Rh6 43. Re7 Qf6 44. Re8+ Bf8 45. Qa8 Kg7 46. Qb7+ Qf7 47. Qb2+ Rf6 48. Re4 f2 49. Rg4+ Kh8 50. Kg2 Qd5+ 51. Kh3 Bg7 52. Qb8+ Rf8 53. Qb1 Qe6 54. Bf1 h5 0-1

[Event "Oceania zt"]
[Site "Gold Coast"]
[Date "2009.06.22"]
[Round "6"]
[White "Nakauchi, Gene"]
[Black "Selnes, Hamish"]
[Result "1-0"]
[WhiteElo "2076"]
[BlackElo "1921"]
[PlyCount "75"]
[EventDate "2009.06.20"]
[EventType "swiss"]
[EventRounds "9"]
[EventCountry "AUS"]
[SourceTitle "CBM 130 Extra"]
[Source "ChessBase"]
[SourceDate "2009.07.02"]
[SourceVersion "2"]
[SourceVersionDate "2009.07.15"]
[SourceQuality "1"]

1. d4 d5 2. c4 e6 3. Nc3 Be7 4. Nf3 Nf6 5. Bg5 0-0 6. e3 h6 7. Bxf6 Bxf6 8. Rc1 c6 9. Bd3 dxc4 10. Bxc4 Nd7 11. 0-0 e5 12. Re1 exd4 13. exd4 Nb6 14. Bb3 Bg4 15. d5 Bxc3 16. Rxc3 Nxd5 17. Bxd5 cxd5 18. h3 Bxf3 19. Qxf3 Qd7 20. Rd1 Rfd8 21. Rcd3 Qc6 22. Rxd5 Rxd5 23. Qxd5 Qb6 24. b3 Re8 25. Qc4 Qe6 26. Qxe6 Rxe6 27. Rd8+ Kh7 28. Rd7 Re1+ 29. Kh2 Re2 30. Rxf7 Rxa2 31. Rxb7 Rb2 32. f4 Kg6 33. Kg3 a5 34. Rb5 h5 35. Rxa5 Rxb3+ 36. Kh4 Rb2 37. g3 Rg2 38. Rg5+ 1-0

[Event "Sydney op-A"]
[Site "Parramatta"]
[Date "2009.04.17"]
[Round "6"]
[White "Pon, Namasivayam Krithik"]
[Black "Selnes, Hamish"]
[Result "1-0"]
[WhiteElo "2180"]
[BlackElo "1921"]
[PlyCount "83"]
[EventDate "2009.04.15"]
[EventType "swiss"]
[EventRounds "9"]
[EventCountry "AUS"]
[SourceTitle "CBM 129 Extra"]
[Source "ChessBase"]
[SourceDate "2009.05.05"]
[SourceVersion "2"]
[SourceVersionDate "2009.05.20"]
[SourceQuality "1"]

1. e4 e6 2. d4 d5 3. Nc3 Nf6 4. Bg5 Bb4 5. e5 h6 6. Bd2 Bxc3 7. Bxc3 Ne4 8. Bd3 Nxc3 9. bxc3 b6 10. Nh3 Ba6 11. Qg4 Kf8 12. 0-0 Bxd3 13. cxd3 h5 14. Qg3 Nc6 15. Qf4 Ne7 16. f3 Ng6 17. Qe3 Qh4 18. f4 Ne7 19. Ng5 Qg4 20. Rae1 Qf5 21. Rd1 Ke8 22. c4 Kd7 23. Qc1 Rhc8 24. Qa3 Ke8 25. Rd2 c5 26. cxd5 Nxd5 27. Ne4 Rd8 28. Nd6+ Rxd6 29. exd6 cxd4 30. Qa4+ Kd8 31. Qxd4 f6 32. Qe4 Kd7 33. g3 Rc8 34. Qa4+ Kxd6 35. Qxa7 g6 36. Qa3+ Kd7 37. Re1 Qg4 38. Rde2 Rc6 39. Qa4 Kc7 40. Qa7+ Kd8 41. Qf7 Nxf4 42. Qxf6+ 1-0

[Event "Sydney op-A"]
[Site "Parramatta"]
[Date "2009.04.16"]
[Round "3"]
[White "Brockman, Roland"]
[Black "Selnes, Hamish"]
[Result "0-1"]
[WhiteElo "1764"]
[BlackElo "1921"]
[PlyCount "62"]
[EventDate "2009.04.15"]
[EventType "swiss"]
[EventRounds "9"]
[EventCountry "AUS"]
[SourceTitle "CBM 129 Extra"]
[Source "ChessBase"]
[SourceDate "2009.05.05"]
[SourceVersion "2"]
[SourceVersionDate "2009.05.20"]
[SourceQuality "1"]

1. d4 e6 2. Nf3 f5 3. Bg5 Nf6 4. Bxf6 Qxf6 5. c3 Be7 6. Nbd2 0-0 7. e4 d6 8. e5 Qf7 9. Qc2 d5 10. 0-0-0 c5 11. Kb1 Nc6 12. Nb3 c4 13. Nc1 b5 14. h3 a5 15. Be2 b4 16. g4 Rb8 17. Ka1 bxc3 18. bxc3 Ba3 19. Rdg1 Qb7 20. Nb3 cxb3 21. axb3 Qxb3 22. Qxb3 Rxb3 23. Ka2 Rb2+ 24. Kxa3 Rxe2 25. gxf5 Rxf5 26. Rg3 Ne7 27. Rhg1 g6 28. R1g2 Ba6 29. Ng5 Rfxf2 30. Rxf2 Rxf2 31. Nxe6 Bc4 0-1

[Event "Sydney op-A"]
[Site "Parramatta"]
[Date "2008.03.28"]
[Round "6"]
[White "Christensen, Joshua"]
[Black "Selnes, Hamish"]
[Result "0-1"]
[WhiteElo "1994"]
[BlackElo "1957"]
[PlyCount "40"]
[EventDate "2008.03.25"]
[EventType "swiss"]
[EventRounds "9"]
[EventCountry "AUS"]
[SourceTitle "EXT 2023"]
[Source "ChessBase"]
[SourceDate "2022.10.05"]
[SourceVersion "1"]
[SourceVersionDate "2022.10.05"]
[SourceQuality "1"]

1. d4 Nf6 2. c4 c5 3. Nf3 cxd4 4. Nxd4 Nc6 5. Nc3 e6 6. Ndb5 Bb4 7. Nd6+ Ke7 8. Ndb5 a6 9. Nd4 d5 10. e3 Re8 11. Qb3 Qd6 12. Be2 Na5 13. Qc2 Nxc4 14. 0-0 Kf8 15. Bxc4 dxc4 16. Nce2 b5 17. Rd1 Bb7 18. f3 Red8 19. Rf1 e5 20. Nf5 Qd3 0-1

[Event "Sydney op-A"]
[Site "Parramatta"]
[Date "2008.03.27"]
[Round "4"]
[White "Selnes, Hamish"]
[Black "Mitchell, Robert S"]
[Result "0-1"]
[WhiteElo "1957"]
[BlackElo "1904"]
[PlyCount "110"]
[EventDate "2008.03.25"]
[EventType "swiss"]
[EventRounds "9"]
[EventCountry "AUS"]
[SourceTitle "EXT 2023"]
[Source "ChessBase"]
[SourceDate "2022.10.05"]
[SourceVersion "1"]
[SourceVersionDate "2022.10.05"]
[SourceQuality "1"]

1. d4 Nf6 2. c4 b6 3. Nc3 Bb7 4. Qc2 d5 5. cxd5 Nxd5 6. e4 Nxc3 7. bxc3 g6 8. Nf3 Bg7 9. Be3 0-0 10. Bd3 Nd7 11. Rb1 Rc8 12. 0-0 e6 13. Bg5 Qe8 14. Qa4 Nf6 15. Bb5 c6 16. Bd3 c5 17. Qxa7 Bxe4 18. Bxe4 Nxe4 19. Qxb6 Nxc3 20. Rb3 Ne2+ 21. Kh1 Nxd4 22. Nxd4 cxd4 23. Bd2 Qc6 24. Qxc6 Rxc6 25. a4 Rc2 26. Rd1 Rfc8 27. g3 Ra2 28. a5 Bf6 29. Kg2 Kg7 30. Be1 e5 31. Kf3 Bd8 32. Rb5 Kf6 33. Ke4 Bc7 34. Rc1 Rb8 35. Rbc5 Bd6 36. Rc6 Ke6 37. Kf3 Ra3+ 38. Kg2 e4 39. R1c4 Kd5 40. Rc1 f5 41. a6 Ra2 42. a7 Rxa7 43. Bd2 Rb2 44. Bf4 Rd7 45. Ra6 e3 46. Ra5+ Ke6 47. Rc6 Ke7 48. Bg5+ Kf7 49. Rd5 e2 50. Rc1 Rc7 51. Re1 Bb4 52. Rxe2 Rxe2 53. Rxd4 Bc5 54. Rf4 Be3 55. Kf3 Bxf4 0-1

[Event "Sydney op-A"]
[Site "Parramatta"]
[Date "2008.03.26"]
[Round "2"]
[White "Selnes, Hamish"]
[Black "Hay, Trevor"]
[Result "0-1"]
[WhiteElo "1957"]
[BlackElo "2310"]
[PlyCount "68"]
[EventDate "2008.03.25"]
[EventType "swiss"]
[EventRounds "9"]
[EventCountry "AUS"]
[SourceTitle "EXT 2023"]
[Source "ChessBase"]
[SourceDate "2022.10.05"]
[SourceVersion "1"]
[SourceVersionDate "2022.10.05"]
[SourceQuality "1"]

1. Nf3 b6 2. c4 Bb7 3. g3 e6 4. Bg2 Nf6 5. 0-0 Be7 6. d4 0-0 7. Nc3 d5 8. Ne5 Nbd7 9. cxd5 exd5 10. Qb3 c6 11. e4 dxe4 12. Nxe4 Nxe5 13. dxe5 Nxe4 14. Bxe4 Qd4 15. Qc2 h6 16. Bf4 g5 17. Rfd1 Qc5 18. Be3 Qxc2 19. Bxc2 Rad8 20. Be4 f5 21. Bg2 f4 22. Bd4 f3 23. Bf1 Bc8 24. Rac1 Be6 25. b3 Ba3 26. Rb1 Rd7 27. Bc3 Rfd8 28. Rxd7 Rxd7 29. Ba6 Kf7 30. Kf1 b5 31. Bc8 Rd3 32. Bxe6+ Kxe6 33. Be1 c5 34. Ba5 Kxe5 0-1

[Event "Doeberl Cup 46th"]
[Site "Canberra"]
[Date "2008.03.20"]
[Round "1"]
[White "Kresovic, Velimir"]
[Black "Selnes, Hamish"]
[Result "1/2-1/2"]
[WhiteElo "2245"]
[BlackElo "1957"]
[PlyCount "96"]
[EventDate "2008.03.20"]
[EventType "swiss"]
[EventRounds "9"]
[EventCountry "AUS"]
[SourceTitle "CBM 123 Extra"]
[Source "ChessBase"]
[SourceDate "2008.05.06"]
[SourceVersion "1"]
[SourceVersionDate "2008.05.06"]
[SourceQuality "1"]

1. e4 Nf6 2. e5 Nd5 3. d4 d6 4. Nf3 dxe5 5. Nxe5 c6 6. Bc4 Nd7 7. 0-0 g6 8. Nc3 N7f6 9. Re1 Bg7 10. Bg5 Be6 11. Qd2 0-0 12. Bh6 Nxc3 13. Bxg7 Kxg7 14. Qxc3 Bxc4 15. Nxc4 e6 16. Rad1 Qc7 17. Ne5 Rac8 18. a3 c5 19. dxc5 Qxc5 20. Qxc5 Rxc5 21. c4 Rcc8 22. Rd4 Rfd8 23. Red1 Rxd4 24. Rxd4 b5 25. Kf1 bxc4 26. Rxc4 Rxc4 27. Nxc4 Nd5 28. Ke2 f5 29. g3 g5 30. Kd3 Kf6 31. Kd4 h5 32. b4 h4 33. Ne3 Nb6 34. f4 hxg3 35. hxg3 Nd7 36. a4 e5+ 37. fxe5+ Nxe5 38. b5 f4 39. gxf4 gxf4 40. Nf1 Ke6 41. a5 Kd6 42. Nd2 f3 43. Ne4+ Ke6 44. a6 Nd7 45. Ng5+ Kd6 46. Nxf3 Kc7 47. Kc4 Kb6 48. Kb4 Nb8 1/2-1/2